La poesía de Miguel de Unamuno / (Record no. 13077)
[ view plain ]
| 000 -LEADER | |
|---|---|
| campo de control de longitud fija | 01019nam a2200253 i 4500 |
| 001 - NÚMERO DE CONTROL | |
| campo de control | 13077 |
| 003 - IDENTIFICADOR DE NÚMERO DE CONTROL | |
| campo de control | ES-MaACL |
| 005 - FECHA Y HORA DE LA ÚLTIMA TRANSACCIÓN | |
| campo de control | 20230906150503.0 |
| 007 - CAMPO FIJO DE DESCRIPCIÓN FÍSICA--INFORMACIÓN GENERAL | |
| campo de control de longitud fija | t| |
| 008 - DATOS DE LONGITUD FIJA--INFORMACIÓN GENERAL | |
| campo de control de longitud fija | 880311s1987 sp ||||0| spa |
| 020 ## - NÚMERO INTERNACIONAL ESTÁNDAR DEL LIBRO | |
| Número Internacional Estándar del Libro | 84-404-0465-4 |
| 080 ## - NÚMERO DE LA CLASIFICACIÓN DECIMAL UNIVERSAL | |
| Número de la Clasificación Decimal Universal | 860 Unamuno, Miguel de 2.06 |
| 245 03 - MENCIÓN DEL TÍTULO | |
| Título | La poesía de Miguel de Unamuno / |
| Mención de responsabilidad, etc. | edición a cargo de José Ángel Ascunce Arrieta. |
| 260 ## - PUBLICACIÓN, DISTRIBUCIÓN, ETC. | |
| Lugar de publicación, distribución, etc. | San Sebastián : |
| Nombre del editor, distribuidor, etc. | Universidad de Deusto, Facultad de Filosofía y Letras, |
| Fecha de publicación, distribución, etc. | [1987] |
| 300 ## - DESCRIPCIÓN FÍSICA | |
| Extensión | 375 p ; |
| Dimensiones | 22 cm. |
| 490 1# - MENCIÓN DE SERIE | |
| Mención de serie | Cuadernos universitarios. Departamento de literatura ; |
| Designación de volumen o secuencia | 3 |
| 594 ## - Nota al título y mención de responsabilidad | |
| Nota al título y mención de responsabilidad | Volumen homenaje en el cincuentenario de la muerte de Miguel de Unamuno (1936-1986) |
| 600 14 - PUNTO DE ACCESO ADICIONAL DE MATERIA--NOMBRE DE PERSONA | |
| Nombre de persona | Unamuno, Miguel de, |
| Fechas asociadas al nombre | 1864-1936- |
| Subdivisión general | Poesía |
| 9 (RLIN) | 111989 |
| 700 1# - ENTRADA AGREGADA--NOMBRE PERSONAL | |
| Nombre de persona | Ascunce Arrieta, José Ángel. |
| 9 (RLIN) | 23553 |
| 710 2# - ENTRADA AGREGADA--NOMBRE DE ENTIDAD CORPORATIVA | |
| Nombre de entidad corporativa o nombre de jurisdicción como elemento de entrada | Universidad de Deusto. |
| Unidad subordinada | Facultad de Filosofía y Letras. |
| 9 (RLIN) | 7173 |
| 830 1# - PUNTO DE ACCESO ADICIONAL DE SERIE-TÍTULO UNIFORME | |
| Título uniforme | Cuadernos universitarios. Departamento de literatura ; |
| Designación de volumen o secuencia | 3 |
| 9 (RLIN) | 179413 |
| 852 ## - LOCALIZACIÓN | |
| Ubicación | ES-MaACL |
| Número de control de estantería | L-20365 |
| Estatus retirado | Estado de pérdida | Estado de daño | No para préstamo | Biblioteca de origen | Biblioteca actual | Ubicación en estantería | Fecha de adquisición | Fuente de adquisición | Total de préstamos | Signatura topográfica completa | Código de barras | Visto por última vez | Precio de reemplazo | Tipo de ítem Koha |
|---|---|---|---|---|---|---|---|---|---|---|---|---|---|---|
| Biblioteca del Ateneo de Madrid | Biblioteca del Ateneo de Madrid | Depósito 2 | 17/01/2008 | L-20365 | 1013317 | 23/02/2023 | 23/02/2023 | Libro impreso |
